LEADER 01659nam0 2200373 i 450 001 MOD1385424 005 20251003044240.0 010 $a9788815116260 100 $a20070330d2007 ||||0itac50 ba 101 | $aita 102 $ait 181 1$6z01$ai $bxxxe 182 1$6z01$an 200 1 $aPovertą, di che cosa?$erisorse, opportunitą, capacitą$fFlavio Delbono, Diego Lanzi 210 $aBologna$cIl mulino$d[2007] 215 $a213 p.$d22 cm 225 | $aSaggi$v664 410 0$1001CFI0000015$12001 $aSaggi$v664 606 $aPauperismo$2FIR$3CFIC036307$9I 676 $a339.4$9FATTORI INFLUENZANTI IL PRODOTTO, LA RICCHEZZA, IL REDDITO NAZIONALE.$v12 676 $a339.4$9Macroeconomia e soggetti connessi. Fattori influenzanti il reddito e la ricchezza$v14 676 $a339.46$9CAUSE ED EFFETTI ECONOMICI DELLA POVERTA$v20 676 $a339.46$9$v21 676 $a362.5$9PROBLEMI DEI POVERI E SERVIZI RELATIVI$v20 700 1$aDelbono$b, Flavio$3CFIV030761$4070$033408 701 1$aLanzi$b, Diego$3URBV235306$4070$0146840 801 3$aIT$bIT-000000$c20070330 850 $aIT-BN0095 901 $bNAP 01$cPOZZO LIB.$nVi sono collocati fondi di economia, periodici di ingegneria e scienze, periodici di economia e statistica e altri fondi comprendenti documenti di economia pervenuti in dono. 912 $aMOD1385424 950 0$aBiblioteca Centralizzata di Ateneo$c1 v.$d 01POZZO LIB.ECON MON 724$e 0101 0000196645E VMA 1 v. precedente collocazione sez. DASES B 0081$fB $h20070803$i20070803 977 $a 01 996 $aPovertą, di che cosa$965033 997 $aUNISANNIO